00807nam a2200193 a 450000100100000000500170001000800410002704000250006808200120009324500300010526000590013530000270019449000300022150000830025171001120033483000370044695201130048399900170059600003658920200930075820.0120120s1972 mx a 000 0 spa d aDO-SdBNPbspacBNPHU a627.13200aNivelación de terrenos. aMéxico :bCentro Regional de Ayuda Técnica,c1972. a70 p. :bil. ;c23 cm.1 aIngeniería de suelosv7 aA la cabeza del título manual de ingeniería de suelos, sección 15: riego2 aServicio de Conservación de Suelos, Departamento de Agricultura de los Estados Unidos de América96286100aIngeniería de suelosn7962862 0010507-18MOaGRbGRcOId2012-01-20iLF1l0o627.132 p36589-10r2020-06-25w2020-06-25y1ZNo se presta c36080d36080